|
|
|
|
| LEADER |
00000cam a2200000 7i4500 |
| 001 |
0000002500 |
| 005 |
20030710.0 |
| 020 |
0 |
0 |
|a 9676113697
|
| 090 |
0 |
0 |
|a 338.9595
|b MAH 2003
|
| 100 |
0 |
0 |
|a MAHATHIR bin Mohamad
|f Dato' Seri
|c 1925-
|
| 245 |
1 |
0 |
|a Pengurusan ekonomi Malaysia :
|b ucapan pilihan Dr. Mahathir Mohamad, Perdana Menteri Malaysia
|c editor, Hashim Makaruddin, penterjemah Mokhtar Ahmad
|
| 260 |
0 |
0 |
|a Kuala Lumpur :
|b Institut Terjemahan Negara Malaysia ,
|c 2003
|
| 300 |
|
|
|a x, 237 p. ;
|c 25 cm.
|
| 500 |
0 |
0 |
|a Includes index
|
| 650 |
0 |
0 |
|a Speeches, addresses, etc.
|
| 651 |
0 |
0 |
|a Asia
|x Economic conditions
|
| 651 |
0 |
0 |
|a Malaysia
|x Economic conditions
|
| 651 |
0 |
0 |
|a Malaysia
|x Economic policy
|
| 700 |
0 |
1 |
|a Hashim Makaruddin
|
| 700 |
0 |
1 |
|a Mokhtar Ahmad
|
| 998 |
|
|
|a JPSM
|
| 999 |
|
|
|a 0000004660
|b Monograph
|c Open Shelf
|e Default branch
|
| 999 |
|
|
|a 0000004946
|b Monograph
|c Open Shelf
|e Default branch
|